000 01076cam a22003134a 4500
001 74696
005 20230410101755.0
008 081217s2008 mx b 000 0 spa
010 _a 2008465001
035 _a(OCoLC)ocn300288014
040 _aDLC
_cDLC
_dUGX
020 _a9789681213893
020 _a9681213890
035 _a(OCoLC)300288014
043 _an-mx---
050 1 4 _a112 F 1381
_bS473z 2008
100 1 _aSempat Assadourian, Carlos
245 1 0 _aZacatecas, conquista y transformacion de la frontera en el siglo XVI :
_bminas de plata, guerra y evangelización /
_cCarlos Sempat Assadourian.
250 _a1. ed.
260 _aMéxico, D.F. :
_bColegio de México, Centro de Estudios Históricos,
_c2008.
300 _a558 p. ;
_c22 cm.
504 _aIncludes bibliographical references.
651 0 _aZacatecas (Mexico : State)
_xHistory
_y16th century.
651 0 _aZacatecas (Mexico : State)
_xHistory
_y16th century
_vSources.
651 4 _aZacatecas (México)
_xHistoria
_ySiglo XVI.
942 _2lcc
_cbk
994 _aC0
_bDRFGD
946 4 _aLD
999 _c13753
_d13753